Easy English /
Spremljeno u:
| Autor kompanije: | |
|---|---|
| Format: | Žurnal |
| Izdano: |
Tp.HCM:
Trẻ,
2003.
|
| Oznake: |
Dodaj oznaku
Bez oznaka, Budi prvi tko označuje ovaj zapis!
|
| Thư viện lưu trữ: | Thư viện Trường Đại học Đà Lạt |
|---|
| LEADER | 00619nam a2200217 4500 | ||
|---|---|---|---|
| 001 | DLU040026272 | ||
| 040 | # | # | |a dlu |b vie |
| 041 | # | # | |a vie; eng |
| 245 | # | # | |a Easy English / |c Trung Tâm Ngoại Ngữ 4 và 8 Đại Học Sư Phạm Tp. Hồ Chí Minh |
| 260 | # | # | |a Tp.HCM: |b Trẻ, |c 2003. |
| 300 | # | # | |a v..; |c 29cm. |
| 310 | # | # | |a hai tháng một kỳ |
| 710 | # | # | |a Trung Tâm Ngoại Ngữ 4 và 8 Đại Học Sư Phạm Tp. Hồ Chí Minh |
| 994 | # | # | |a DLU |
| 900 | # | # | |a True |
| 911 | # | # | |a Lê Thị Mạnh Xuân |
| 925 | # | # | |a G |
| 926 | # | # | |a A |
| 927 | # | # | |a TT |
| 980 | # | # | |a Thư viện Trường Đại học Đà Lạt |